000 00558nam a2200193 a 4500
001 000029899
003 DO-SdBNP
005 20250620142314.0
008 110426s1997 dr ab 000 0 spa d
040 _aDO-SdBNP
_bspa
_cBNPHU
049 _aBNPD
082 _axxx
_bG861m
100 1 _aGrimaldi Silié, Eleanor,
_d1948-
_985713
245 1 0 _aMujeres de patria /
_cadaptado por Eleanor Grimaldi Silié.
260 _a[Santo Domingo] :
_bEl siglo,
_c[1997?].
300 _a34 p. :
_bretrs. ;
_c28 cm.
504 _aBibliografía : p. 34
942 _2ddc
_cLBS1
999 _c29391
_d29391